Catálogo

BASES PARA LA PLANEACION ECONOMICA Y SOCIAL DE MEXICO (Registro nro. 1843)

Detalles MARC
000 -LEADER
fixed length control field 00500nam a2200169 a 4500
001 - CONTROL NUMBER
control field 1843
005 - DATE AND TIME OF LATEST TRANSACTION
control field 20180713181851.0
008 - FIXED-LENGTH DATA ELEMENTS--GENERAL INFORMATION
fixed length control field 140415s1978 mx 000 0 spa d
020 ## - INTERNATIONAL STANDARD BOOK NUMBER
International Standard Book Number 968230329X
041 ## - LANGUAGE CODE
Language code of text/sound track or separate title spa
082 ## - DEWEY DECIMAL CLASSIFICATION NUMBER
Classification number 330.12472
Item number BAS
245 00 - TITLE STATEMENT
Title BASES PARA LA PLANEACION ECONOMICA Y SOCIAL DE MEXICO
250 ## - EDITION STATEMENT
Edition statement 9a ed.
260 ## - PUBLICATION, DISTRIBUTION, ETC.
Place of publication, distribution, etc. MEXICO :
Name of publisher, distributor, etc. SIGLO VEINTIUNO EDITORES,
Date of publication, distribution, etc. 1978
300 ## - PHYSICAL DESCRIPTION
Extent 269
650 14 - SUBJECT ADDED ENTRY--TOPICAL TERM
Topical term or geographic name entry element MEXICO
General subdivision CONDICIONES ECONOMICAS
-- MEXICO
-- CONDICIONES SOCIALES
Existencias
Withdrawn status Lost status Source of classification or shelving scheme Damaged status Not for loan Collection code Home library Current library Shelving location Date acquired Source of acquisition Inventory number Total Checkouts Full call number Barcode Date last seen Date last checked out Price effective from Koha item type
    Dewey Decimal Classification     General Biblioteca Karol Wojtyla Biblioteca Karol Wojtyla Sala general 03/12/2013 Compra 151000000000000000049789 1 330.12472 BAS 12368 05/01/2026 12/09/2023 03/12/2013 Libro